El cuento folklórico

Salvato in:
Dettagli Bibliografici
Autore principale: Pinon, Roger
Natura: Libro
Lingua:Undetermined
Pubblicazione: Buenos Aires, Argentina Editorial Universitaria de Buenos Aires 1965
Soggetti:
Tags: Aggiungi Tag
Nessun Tag, puoi essere il primo ad aggiungerne!!

MARC

LEADER 00000nam a2200000Ia 4500
008 170316s9999 xx 000 0 und d
090 |a 801 P-25c 
100 |a Pinon, Roger 
245 |a El cuento folklórico 
260 |a Buenos Aires, Argentina 
260 |b Editorial Universitaria de Buenos Aires 
260 |c 1965 
300 |a 80 páginas 
650 |a TEORÍA LITERARIA 
999 |c 20558  |d 20558 
040 |a cru BVZT 
942 |c 15 D  |h 801 P-25c  |2 z